Wird geladen...

Population geography: Tools and issues

Bibliographische Detailangaben
1. Verfasser: K Bruce Newbold
Format: Printed Book
Sprache:Undetermined
Veröffentlicht: Jaipur 2010
Rawat publications
Schlagworte:
LEADER 00637nam a2200229Ia 4500
008 141122s9999 xx 000 0 und d
020 |a 9788131604854 
040 |c . 
041 |a English 
082 |a 304.6 
082 |b NEW/PO 
100 |a K Bruce Newbold 
245 |a Population geography: Tools and issues 
245 |c K Bruce Newbold 
260 |b Jaipur 
260 |b Rawat publications 
260 |c 2010 
300 |a 308 Pages 
650 |a Population growth 
942 |c BK 
999 |c 4549  |d 4549 
952 |0 0  |1 0  |4 0  |6 304_600000000000000_NEWPO  |7 0  |9 4508  |a COVAS  |b COVAS  |d 0000-00-00  |o 304.6 NEW/PO  |p 20335  |r 2014-11-26  |w 2014-11-26  |y BK